Historia de las doctrinas económicas (Registro nro. 5418)

Detalles MARC
000 -LEADER
fixed length control field 02178 a2200217 4500
001 - CONTROL NUMBER
control field 54247
005 - DATE AND TIME OF LATEST TRANSACTION
control field 20260407155813.0
008 - FIXED-LENGTH DATA ELEMENTS--GENERAL INFORMATION
fixed length control field 260407a1951 arg spa d
003 - CONTROL NUMBER IDENTIFIER
control field AR-UNSa-BCEJYS
040 ## - CATALOGING SOURCE
Original cataloging agency AR-UNSa-BCEJYS
Language of cataloging spa
Transcribing agency AR-UNSa-BCEJYS
080 ## - UNIVERSAL DECIMAL CLASSIFICATION NUMBER
Universal Decimal Classification number 330.8
Common auxiliary subdivision Historia de las teorías, Doctrinas, Dogmas económicos (pensamiento económico)
100 1# - MAIN ENTRY--PERSONAL NAME
Personal name Griziotti Kretschmann, Jenny
245 10 - TITLE STATEMENT
Title Historia de las doctrinas económicas
264 #1 - PRODUCTION, PUBLICATION, DISTRIBUTION, MANUFACTURE, AND COPYRIGHT NOTICE
Place of production, publication, distribution, manufacture Córdoba :
Name of producer, publisher, distributor, manufacturer Assandri
Date of production, publication, distribution, manufacture, or copyright notice 1951
300 ## - PHYSICAL DESCRIPTION
Extent 493 p.
Dimensions 23 cm.
505 ## - FORMATTED CONTENTS NOTE
Formatted contents note 1. El pensamiento económico de los antiguos - 2. El Medio-Evo - 3. Renacimiento, Maquiavelo - 4. El mercantilismo - 5. Los aritméticos políticos Cameralismo - 6. cantillon - 7. Fisiócratas - 8. La escuela clásica inglesa (A. Smith) - 9. La escuela clásica inglesa (malthus) - 10. La escuela clásica inglesa (Ricardo) - 11. La escuela clásica inglesa (Discípulos de Ricardo) - 12. La escuela clásica francesa (Say, Bastiat) - 13. Críticas a la doctrina clásica (Sismondi)- 14. Los socialistas utópicos (Saint-simon) - 15. Los socialistas utópicos (Fourier,Owen, Blanc) - 16. Los socialistas utópicos (Proudhon) - 17. El socialismo científico - 18. El socialismo científico (Discípulos de Marx) - 19. Los economistas italianos del siglo XVIII (La Escuela Napolitana) - 20. Los economistas italianos del siglo XVIII (Economistas italianos de escuelas diversas) - 21. La escuela del nacionalismo económico - 22. La escuela histórica - 23. La escuela marginalista - 24. Los economistas italianos del siglo XIX - 25. Maffeo Pantaleoni - 26. La escuela del equilibrio económico - 27. Las doctrinas económicas en Estados Unidos(Diferentes tendencias) - 28. Las doctrinas económicas en Estados Unidos( Los institucionalistas norte-americanos) - 29. Las modernas tendencias europeas(La escuela inglesa) - 30. Las modernas tendencias europeas(Las escuelas alemana y escandinava) - 31. Las modernas tendencias europeas(Las escuelas francesa y rusa) - 32. Las modernas tendencias europeas(La escuela italiana)
590 ## - LOCAL NOTE (RLIN)
Local note niveau_biblio:m niveau_hierar:0
700 1# - ADDED ENTRY--PERSONAL NAME
Personal name Fierro, Irma F. de
700 1# - ADDED ENTRY--PERSONAL NAME
Personal name Jarach, Dino
942 ## - ADDED ENTRY ELEMENTS (KOHA)
Koha item type
Existencias
Withdrawn status Lost status Damaged status Not for loan Home library Current library Shelving location Date acquired Total checkouts Full call number Barcode Date last seen Price effective from Koha item type
        Biblioteca Prof. Eusebio Cleto del Rey Biblioteca Prof. Eusebio Cleto del Rey   07/04/2026   330.8 G846 L20678 07/04/2026 07/04/2026 Libro